00533nam a2200145 a 450000500170000000800410001702000180005805000260007624501460010226000520024830000220030052100090032265000290033165000270036020140310183612.0120831s19uu xx 00 eng d a9780805860221 aHD 58.82b.Se473 2008 aWork group learning :bunderstanding, improving and assessing how groups learn in organizations /cedited by Valerie Sessa and Manuel London. aNew York :bLawrence Erlbaum Associates,c2008. a446 p. :c23 cm.  aBSBA aOrganizational learning. aTeams in the workplace